[Event "Southend op"]
[Site "London"]
[Date "2002.04.01"]
[Round "7"]
[White "Peace, Dan"]
[Black "Trent, Alan M"]
[Result "1-0"]
[WhiteElo "1400"]
[BlackElo "1464"]
[PlyCount "41"]
[EventDate "2002.03.29"]
[EventType "swiss"]
[EventRounds "7"]
[EventCountry "ENG"]
[SourceTitle "EXT 2006"]
[Source "ChessBase"]
[SourceDate "2005.11.24"]
[SourceVersion "1"]
[SourceVersionDate "2005.11.24"]
[SourceQuality "1"]

1. d4 Nf6 2. c4 c5 3. d5 e6 4. Nc3 exd5 5. cxd5 d6 6. e4 g6 7. Nf3 Nbd7 8. Be2 a6 9. a4 Bg7 10. 0-0 0-0 11. Nd2 Re8 12. f4 Kh8 13. Bf3 Nb6 14. a5 Nbd7 15. Nc4 Ng8 16. Nxd6 Re7 17. e5 Nh6 18. Nce4 f5 19. Ng5 b5 20. Be3 Kg8 21. Ne6 1-0

[Event "Southend op"]
[Site "London"]
[Date "2002.03.30"]
[Round "3"]
[White "Salmon, Andrew N"]
[Black "Peace, Dan"]
[Result "1-0"]
[WhiteElo "2042"]
[BlackElo "1400"]
[PlyCount "97"]
[EventDate "2002.03.29"]
[EventType "swiss"]
[EventRounds "7"]
[EventCountry "ENG"]
[SourceTitle "EXT 2006"]
[Source "ChessBase"]
[SourceDate "2005.11.24"]
[SourceVersion "1"]
[SourceVersionDate "2005.11.24"]
[SourceQuality "1"]

1. d4 Nf6 2. c4 c5 3. d5 b5 4. cxb5 a6 5. b6 d6 6. Nc3 Nbd7 7. e4 g6 8. Nf3 Bg7 9. Be2 0-0 10. 0-0 Bb7 11. a4 Qxb6 12. a5 Qc7 13. Nd2 e6 14. Nc4 exd5 15. exd5 Ne5 16. Nb6 Rab8 17. Be3 Nfd7 18. f4 Nxb6 19. axb6 Qxb6 20. fxe5 Qxb2 21. Qd2 Qxd2 22. Bxd2 Bxe5 23. Bc4 Rfe8 24. Rab1 Ba8 25. g3 Rb4 26. Rxb4 cxb4 27. Na4 Bd4+ 28. Kg2 a5 29. Re1 Rxe1 30. Bxe1 Bb7 31. Bf2 Bxf2 32. Kxf2 Bc8 33. Ke3 Kf8 34. Nb6 Bf5 35. Bb3 Ke7 36. Nc4 h5 37. Nxa5 Bd7 38. Kd4 g5 39. Nc6+ Ke8 40. Nxb4 f5 41. Nd3 Bc8 42. Nf2 Ke7 43. Bd1 g4 44. Ke3 Bb7 45. Bb3 Kf6 46. Kf4 Bc8 47. Nd1 Ba6 48. Ne3 Bd3 49. Bc2 1-0

[Event "Southend op"]
[Site "London"]
[Date "2002.03.29"]
[Round "2"]
[White "Peace, Dan"]
[Black "Trent, Stewart"]
[Result "0-1"]
[WhiteElo "1400"]
[BlackElo "1696"]
[PlyCount "94"]
[EventDate "2002.03.29"]
[EventType "swiss"]
[EventRounds "7"]
[EventCountry "ENG"]
[SourceTitle "EXT 2006"]
[Source "ChessBase"]
[SourceDate "2005.11.24"]
[SourceVersion "1"]
[SourceVersionDate "2005.11.24"]
[SourceQuality "1"]

1. d4 d6 2. c4 g6 3. Nc3 Bg7 4. e4 Nf6 5. f3 0-0 6. Be3 c6 7. Qd2 a6 8. a4 Nbd7 9. Bd3 e5 10. Nge2 exd4 11. Nxd4 Ne5 12. 0-0 Nxd3 13. Qxd3 d5 14. cxd5 cxd5 15. Nxd5 Nxd5 16. exd5 Qxd5 17. Rfd1 Be6 18. Nxe6 Qxe6 19. Bd4 Rad8 20. Qc3 Rxd4 21. Rxd4 Qb6 22. Kf1 Qxd4 23. Qxd4 Bxd4 24. Rb1 f5 25. b3 b5 26. Rd1 Be5 27. axb5 axb5 28. Rd5 Bxh2 29. Rxb5 Bg3 30. Rd5 Re8 31. Rd1 Kf7 32. b4 Rb8 33. Rd7+ Kg8 34. Rd4 Rb5 35. Rd8+ Kg7 36. Rd7+ Kh6 37. Rd4 Be5 38. Rh4+ Kg7 39. Rc4 Bd6 40. Rd4 Bxb4 41. g4 fxg4 42. fxg4 Be7 43. Kg2 Rb4 44. Rxb4 Bxb4 45. Kf3 Kf6 46. Kg3 Kg5 47. Kh3 Bd6 0-1